000 00974nam0a22002411 4500
001 v19\rc\1315579
005 20260407051911.0
035 _a(NLR Aleph) 004471409
090 _a4563678
_c4563678
100 _a20060512f19001909|||y0rusy50 ca
101 0 _arus
102 _aRU
105 _aa z |||||
200 1 _aИсследование рельсовой стали
_eМакроструктура
_e1901-1904
_e[Альбом]
_fМПС. Ин-т инж. путей сообщ. имп. Александра I. Механ. лаборатория
210 _a[Санкт-Петербург
_d190-]
215 _a21 л. ил.
_d33х47
309 _aБез тит. л.
712 0 2 _aИнститут инженеров путей сообщения
_bМеханическая лаборатория
_cПетербург
_9540550
_3RU\NLR\AUTH\8810021297
801 0 _aRU
_bNLR
_gpsbo
801 1 _aRU
_bProSoft-M
_2rusmarc
852 _aNLR
_j38.12.1.33(5)
942 _cBOOK
980 _aNB